000
00225 a2200097 4500
001
34464
100
_a
Elliott Alan
245
_a
The Illustrated History of Golf
260
_a
NY
_b
Gallery Books
_c
1990
090
_c
22753
_d
22753
942
_a
NUST-CAE
_c
M
_c
14173
999
_c
269537
_d
269537